Nechceme, aby rozhodovali o nás bez nás
O participatívnom rozpočte a o tom, ako naň reagujú samosprávy na Slovensku, v rozhovore s jeho propagátorom Petrom Nedoroščíkom.
Gespeichert in:
| 1. Verfasser: | |
|---|---|
| Weitere Verfasser: | |
| Format: | Buchkapitel |
| Sprache: | Slowakisch |
| Schlagworte: | |
| Tags: |
Keine Tags, Fügen Sie das erste Tag hinzu!
|
MARC
| LEADER | 00000naa a2200000 4500 | ||
|---|---|---|---|
| 001 | 0160544 | ||
| 005 | 20231005103302.9 | ||
| 041 | 0 | |a slo | |
| 044 | |a SK | ||
| 245 | 1 | 0 | |a Nechceme, aby rozhodovali o nás bez nás |c Dagmar Krištofičová, Peter Nedoroščík |
| 520 | |a O participatívnom rozpočte a o tom, ako naň reagujú samosprávy na Slovensku, v rozhovore s jeho propagátorom Petrom Nedoroščíkom. | ||
| 610 | 2 | 0 | |a Slovensko |
| 610 | 2 | 0 | |a regióny |
| 610 | 2 | 0 | |a správa verejná |
| 610 | 2 | 0 | |a samospráva |
| 610 | 2 | 0 | |a rozpočty verejné |
| 610 | 2 | 0 | |a financie verejné |
| 610 | 2 | 0 | |a financie komunálne |
| 100 | 1 | |a Krištofičová, Dagmar | |
| 700 | 1 | |a Nedoroščík, Peter | |